| 000 | 01375cam a2200361 i 4500 | ||
|---|---|---|---|
| 003 | OSt | ||
| 005 | 20210413111550.0 | ||
| 007 | ta | ||
| 008 | 201201s2020 ck a cr 000 1dspa d | ||
| 020 | _a9789582013714 | ||
| 040 |
_aCO-BoBN _bspa _erda _cCO-BoBN |
||
| 041 | 1 |
_aspa _hmyn |
|
| 084 | _aLM COC6 | ||
| 100 | 1 |
_aCocom Pech, Jorge Miguel _d1952- _eautor _9161540 |
|
| 245 | 1 | 0 |
_aSecretos de un abuelo maya _cJorge Miguel Cocom Pech ; ilustraciones de Rubén Darío Romero |
| 250 | _aEdición especial | ||
| 264 | 1 |
_aBogotá _bCooperativa Editorial Magisterio _c2020 |
|
| 300 |
_a121 páginas _bilustraciones _c20 cm |
||
| 336 |
_2rdacontent _atexto _btxt |
||
| 337 |
_2rdamedia _asin mediación _bn |
||
| 338 |
_2rdacarrier _avolumen _bnc |
||
| 490 | 0 | _aPlan Nacional de Lectura y Escritura Leer es mi Cuento / Ministerio de Cultura | |
| 490 | 0 | _aMitos y leyendas Magisterio | |
| 521 | _aRecomendado para un público mayor de 12 años | ||
| 545 | _aIncluye datos biográficos del autor al final del texto | ||
| 546 | _aTexto bilingüe en español y maya | ||
| 650 | 1 | 7 |
_2LEMB _aLeyendas indígenas mexicanas _9136714 |
| 650 | 1 | 7 |
_2LEMB _aLiteratura juvenil mexicana _ySiglo XX _9161541 |
| 650 | 1 | 7 |
_2LEMB _aAutores mexicanos _ySiglo XX _9161542 |
| 650 | 1 | 7 |
_2LEMB _aMitología maya _919063 |
| 700 | 1 |
_aRomero, Rubén Darío _eilustrador _9161543 |
|
| 942 |
_2ddc _cBKLIT |
||
| 999 |
_c13250 _d13250 |
||